ბათუმის შოთა რუსთაველის სახელმწიფო უნივერსიტეტის ბიბლიოთეკა

Reinvegorating Cross Border cooperation in Black Sea Region : (ბიბ.ჩანაწერი № 38498)

000 -LEADER
fixed length control field 00935nam a2200241Ia 4500
001 - CONTROL NUMBER
control field 4511
003 - CONTROL NUMBER IDENTIFIER
control field GE_BSU
005 - DATE AND TIME OF LATEST TRANSACTION
control field 20191021120954.0
008 - FIXED-LENGTH DATA ELEMENTS--GENERAL INFORMATION
fixed length control field 181216s2012||||enk|||||||||||||| ||eng||
020 ## - INTERNATIONAL STANDARD BOOK NUMBER
International Standard Book Number 9789971177545
040 ## - CATALOGING SOURCE
Transcribing agency GE_BSU
080 ## - UNIVERSAL DECIMAL CLASSIFICATION NUMBER
Universal Decimal Classification number 32 K-16
100 ## - MAIN ENTRY--PERSONAL NAME
Personal name Kakachia, Kornely
9 (RLIN) 4886
245 ## - TITLE STATEMENT
Title Reinvegorating Cross Border cooperation in Black Sea Region :
Remainder of title visions for future /
Statement of responsibility, etc. Georgian Institute of Politics.
264 ## - PRODUCTION, PUBLICATION, DISTRIBUTION, MANUFACTURE, AND COPYRIGHT NOTICE
Place of production, publication, distribution, manufacture Tbilisi :
Name of producer, publisher, distributor, manufacturer Universal,
Date of production, publication, distribution, manufacture, or copyright notice 2012.
300 ## - PHYSICAL DESCRIPTION
Extent 130 p. ;
Other physical details 27 cm.
500 ## - GENERAL NOTE
General note ტექსტი ინგლ., ქართ. ენ.
505 ## - FORMATTED CONTENTS NOTE
Formatted contents note ბიბლიოგრ. ტექსტის შენიშვნებში.
653 ## - INDEX TERM--UNCONTROLLED
keyword შავი ზღვის რეგიონის საერთაშორისო ურთიერთობები
653 ## - INDEX TERM--UNCONTROLLED
keyword პოლიტიკა
710 ## - ADDED ENTRY--CORPORATE NAME
Corporate name or jurisdiction name as entry element Georgian Institute of Politics
9 (RLIN) 4887
942 ## - ADDED ENTRY ELEMENTS (KOHA)
Koha item type წიგნი
Source of classification or shelving scheme
ეგზემპლარები
Withdrawn status Lost status Source of classification or shelving scheme Damaged status Not for loan Permanent Location Current Location Shelving location Date acquired Full call number Barcode Date last seen Copy number Price effective from Koha item type Public note
          ბათუმის შოთა რუსთაველის სახელმწიფო უნივერსიტეტის მთავარი ბიბლიოთეკა ბათუმის შოთა რუსთაველის სახელმწიფო უნივერსიტეტის მთავარი ბიბლიოთეკა წიგნსაცავი 2018-12-17 32 K-16 6150 2018-12-17 6150 2018-12-17 წიგნი